[Event "El Puerto St Maria op 17th"]
[Site "Cadiz"]
[Date "2002.07.31"]
[Round "3.15"]
[White "Pena Carmona, David"]
[Black "Cortes Nunez, Salvador"]
[Result "1-0"]
[WhiteElo "1925"]
[BlackElo "1700"]
[PlyCount "41"]
[EventDate "2002.07.29"]
[EventType "swiss"]
[EventRounds "7"]
[EventCountry "ESP"]
[SourceTitle "EXT 2004"]
[Source "ChessBase"]
[SourceDate "2003.11.25"]
[SourceVersion "1"]
[SourceVersionDate "2003.11.25"]
[SourceQuality "1"]

1. e4 e5 2. Bc4 Nf6 3. d3 Bc5 4. Nc3 d6 5. Bg5 Bxf2+ 6. Kxf2 Nc6 7. Bxf6 Qxf6+ 8. Qf3 Qxf3+ 9. Nxf3 0-0 10. Rhf1 Bg4 11. h3 Bh5 12. g4 Bg6 13. Nh4 Nd4 14. Nxg6 hxg6 15. Rac1 Kh7 16. Ke3 f5 17. Ne2 fxg4 18. hxg4 Rxf1 19. Rxf1 Nxc2+ 20. Kd2 Nb4 21. Rh1# 1-0